Practical english grammar : (Record no. 332510)
[ view plain ]
| 000 -LEADER | |
|---|---|
| fixed length control field | 00937 a2200253 4500 |
| 003 - CONTROL NUMBER IDENTIFIER | |
| control field | NUST |
| 005 - DATE AND TIME OF LATEST TRANSACTION | |
| control field | 20231004194904.0 |
| 008 - FIXED-LENGTH DATA ELEMENTS--GENERAL INFORMATION | |
| fixed length control field | 171211b xxu||||| |||| 00| 0 eng d |
| 020 ## - INTERNATIONAL STANDARD BOOK NUMBER | |
| International Standard Book Number | 0194313484 |
| 020 ## - INTERNATIONAL STANDARD BOOK NUMBER | |
| International Standard Book Number | 9780194313483 |
| 040 ## - CATALOGING SOURCE | |
| Transcribing agency | NUST |
| 082 ## - DEWEY DECIMAL CLASSIFICATION NUMBER | |
| Classification number | 428.2 |
| Author Mark | THO |
| 100 1# - MAIN ENTRY--PERSONAL NAME | |
| Personal name | Thomson, Audrey Jean. |
| 9 (RLIN) | 7145 |
| 245 10 - TITLE STATEMENT | |
| Title | Practical english grammar : |
| Remainder of title | a classic grammar reference with clear explanations of grammatical structures and forms / |
| Statement of responsibility, etc. | Audrey Jean Thomson. |
| 250 ## - EDITION STATEMENT | |
| Edition statement | low priced ed ed. |
| 260 ## - PUBLICATION, DISTRIBUTION, ETC. | |
| Place of publication, distribution, etc. | New York : |
| Name of publisher, distributor, etc. | Oxford University Press, |
| Date of publication, distribution, etc. | 1987. |
| 300 ## - PHYSICAL DESCRIPTION | |
| Extent | 384 p. ; |
| Dimensions | 22 cm. |
| 500 ## - GENERAL NOTE | |
| General note | Paperback. |
| 520 ## - SUMMARY, ETC. | |
| Summary, etc. | This is a clear, comprehensive reference grammar. |
| 700 1# - ADDED ENTRY--PERSONAL NAME | |
| Personal name | Martinet, A.V. |
| 9 (RLIN) | 7146 |
| 856 40 - ELECTRONIC LOCATION AND ACCESS | |
| Materials specified | Amazon.com |
| Uniform Resource Identifier | <a href="http://www.amazon.com/exec/obidos/ASIN/0194313484/chopaconline-20">http://www.amazon.com/exec/obidos/ASIN/0194313484/chopaconline-20</a> |
| 856 40 - ELECTRONIC LOCATION AND ACCESS | |
| Materials specified | Amazon customer reviews |
| Uniform Resource Identifier | <a href="http://www.chopac.org/cgi-bin/tools/azrev.pl?q=0194313484">http://www.chopac.org/cgi-bin/tools/azrev.pl?q=0194313484</a> |
| 942 ## - ADDED ENTRY ELEMENTS (KOHA) | |
| Koha item type | Book |
| Source of classification or shelving scheme | |
| Withdrawn status | Lost status | Source of classification or shelving scheme | Damaged status | Not for loan | Permanent Location | Current Location | Shelving location | Date acquired | Total Checkouts | Total Renewals | Full call number | Barcode | Date last seen | Date last checked out | Copy number | Price effective from | Koha item type |
|---|---|---|---|---|---|---|---|---|---|---|---|---|---|---|---|---|---|
| Central Library (CL) | Central Library (CL) | Book Cart | 12/11/2017 | 3 | 3 | 428.2 THO | CL3053 | 01/26/2026 | 09/12/2025 | 2 | 12/11/2017 | Book | |||||
| NUST Law School (NLS) | NUST Law School (NLS) | Book Cart | 12/11/2017 | 1 | 1 | 428.2 THO | CL3289 | 07/22/2022 | 03/14/2022 | 3 | 12/11/2017 | Book |
